000 00433nam a2200145Ia 4500
008 230917s9999||||xx |||||||||||||| ||und||
040 _e194342
_aMAIN
041 _aEnglish
082 _a647.94 S16M
100 _aSaee, John
245 0 _aManagerial competence within the hospitality and tourism service industries: Global cultural contextual analysis
260 _aLondon
_bRoutledge
_c2006
300 _axv, 266 p.
942 _cBK
999 _c164887
_d164887